| 000 | 00369nam a2200145Ia 4500 | ||
|---|---|---|---|
| 008 | 150128s9999 xx 000 0 und d | ||
| 020 | _a0451527402 | ||
| 050 |
_aCLA _bR11d 1963 |
||
| 100 | _aRaffel, Burton. | ||
| 245 | _aBeowulf / | ||
| 250 | _aBurton Raffel. | ||
| 260 |
_aNew York: _bPenguin Books, _c1963. |
||
| 300 |
_a159 pages : _c18 cm. |
||
| 650 | _xFiction. | ||
| 999 |
_c278899 _d278899 |
||